Tovaroznalectvo nepotravinárskych produktov praktikum

Gespeichert in:
Bibliographische Detailangaben
1. Verfasser: Mlákay, Jozef
Körperschaft: Ekonomická univerzita v Bratislave. Obchodná fakulta
Weitere Verfasser: Kačeňák, Igor, Knošková, Ľubica, 1965-, Bocanová, Mária, Lacková, Alica, Jaloviar, Alexander
Format: Buch
Sprache:Slowakisch
Veröffentlicht: Bratislava Vydavateľstvo EKONÓM 2012
Ausgabe:1. vyd.
Schlagworte:
Tags: Tag hinzufügen
Keine Tags, Fügen Sie das erste Tag hinzu!

MARC

LEADER 00000nam a2200000 4500
001 0148883
005 20240502072659.2
020 |a 978-80-225-3394-2 
041 0 |a slo 
044 |a SK 
245 1 0 |a Tovaroznalectvo nepotravinárskych produktov  |b praktikum  |c Jozef Mlákay a kolektív 
250 |a 1. vyd. 
264 1 |a Bratislava  |b Vydavateľstvo EKONÓM  |c 2012 
300 |a 182 s. [9,524 AH] 
610 2 0 |a tovaroznalectvo 
610 2 0 |a produkty 
610 2 0 |a energia 
610 2 0 |a palivá 
610 2 0 |a kovy 
610 2 0 |a výrobky 
610 2 0 |a tovar 
610 2 0 |a prístroje 
100 1 |a Mlákay, Jozef 
700 1 |a Kačeňák, Igor 
700 1 |a Knošková, Ľubica, 1965- 
700 1 |a Bocanová, Mária 
700 1 |a Lacková, Alica 
700 1 |a Jaloviar, Alexander 
710 2 |a Ekonomická univerzita v Bratislave. Obchodná fakulta